Injili na Hukumu (Record no. 7044)
[ view plain ]
| 000 -LEADER | |
|---|---|
| fixed length control field | 00390nam a22001217a 4500 |
| 008 - FIXED-LENGTH DATA ELEMENTS--GENERAL INFORMATION | |
| fixed length control field | 200415b ||||| |||| 00| 0 eng d |
| 100 ## - MAIN ENTRY--PERSONAL NAME | |
| Personal name | GOLDSTEIN, Clifford R. |
| 245 ## - TITLE STATEMENT | |
| Title | Injili na Hukumu |
| Remainder of title | Mwongozo wa kujifunza Biblia kwa Watu Wazima |
| Statement of responsibility, etc. | Clifford R. Goldsten |
| Medium | Swahili |
| 260 ## - PUBLICATION, DISTRIBUTION, ETC. (IMPRINT) | |
| Place of publication, distribution, etc. | Dodoma |
| Name of publisher, distributor, etc. | Ofisi ya Uhariri |
| Date of publication, distribution, etc. | 2006 |
| 300 ## - PHYSICAL DESCRIPTION | |
| Extent | 172p. |
| Dimensions | 20cm |
| 650 ## - SUBJECT ADDED ENTRY--TOPICAL TERM | |
| Source of heading or term | Injili na Hukumu |
| 942 ## - ADDED ENTRY ELEMENTS (KOHA) | |
| Source of classification or shelving scheme | |
| Koha item type | BOOKS |
| Withdrawn status | Lost status | Source of classification or shelving scheme | Damaged status | Not for loan | Home library | Current library | Date acquired | Total Checkouts | Barcode | Date last seen | Price effective from | Koha item type |
|---|---|---|---|---|---|---|---|---|---|---|---|---|
| Mwanza | Mwanza | 15/04/2020 | 1000002842 | 15/04/2020 | 15/04/2020 | BOOKS |